000 01005nam0a22002651 4500
001 rc\2576189
005 20250623114249.0
035 _a(NLR Aleph) 006740845
090 _a5642690
_c5642690
100 _a20110914d1928 |||y0rusy50 ca
101 0 _arus
102 _aRU
105 _ay z |||||
200 1 _aИностранная критика советского гражданского кодекса
_fПереводы статей проф. Лямбера и д-ра [Генриха] Фройнда
_gРед. и очерк проф. С. Ландкофа
210 _aХарьков
_cЮрид. изд-во Наркомюста
_d1928
_g"Харкiв-друк", держдрук.
215 _a88 с.
_d23 см.
700 1 _aЛямбер
_bЭ.
_gЭдуард
702 1 _aЛямбер
_4730
702 1 _aЛандкоф
_bС.
_4340
702 1 _aФройнд
_b[Генрих]
_4730
801 0 _aRU
_bNLR
_gpsbo
801 1 _aRU
_bELAR
_2rusmarc
852 _aNLR
_j34/4050
942 _cBOOK
980 _aNB